Research Bulletin 2005 (Record no. 586088)
[ view plain ]
| 000 -LEADER | |
|---|---|
| fixed length control field | 00351nam a22001217a 4500 |
| 082 ## - DEWEY DECIMAL CLASSIFICATION NUMBER | |
| Classification number | 332.095957021 SBP |
| 100 ## - MAIN ENTRY--PERSONAL NAME | |
| Personal name | State Bank of Pakistan |
| 245 ## - TITLE STATEMENT | |
| Title | Research Bulletin 2005 |
| Statement of responsibility, etc. | State Bank of Pakistan |
| 260 ## - PUBLICATION, DISTRIBUTION, ETC. | |
| Place of publication, distribution, etc. | Karachi |
| Name of publisher, distributor, etc. | State Bank of Pakistan |
| Date of publication, distribution, etc. | 2005 |
| 300 ## - PHYSICAL DESCRIPTION | |
| Extent | 84p |
| 942 ## - ADDED ENTRY ELEMENTS (KOHA) | |
| Source of classification or shelving scheme | |
| Koha item type | Book |
| Withdrawn status | Lost status | Source of classification or shelving scheme | Damaged status | Not for loan | Permanent Location | Current Location | Date acquired | Total Checkouts | Full call number | Barcode | Date last seen | Price effective from | Koha item type |
|---|---|---|---|---|---|---|---|---|---|---|---|---|---|
| Central Library (CL) | Central Library (CL) | 08/04/2021 | 332.095957021 SBP | S3H-R-246 | 08/04/2021 | 08/04/2021 | Book | ||||||
| Central Library (CL) | Central Library (CL) | 08/04/2021 | 332.095957021 SBP | S3H-R-247 | 08/04/2021 | 08/04/2021 | Reference | ||||||
| Central Library (CL) | Central Library (CL) | 08/04/2021 | 332.095957021 SBP | S3H-R-248 | 08/04/2021 | 08/04/2021 | Book | ||||||
| Central Library (CL) | Central Library (CL) | 08/04/2021 | 332.095957021 SBP | S3H-R-249 | 08/04/2021 | 08/04/2021 | Book | ||||||
| Central Library (CL) | Central Library (CL) | 08/04/2021 | 332.095957021 SBP | S3H-R-252 | 08/04/2021 | 08/04/2021 | Book | ||||||
| Central Library (CL) | Central Library (CL) | 08/04/2021 | 332.095957021 SBP | S3H-R-250 | 08/04/2021 | 08/04/2021 | Reference |
